00946nam a22002057a 450000500170000001000150001702000270003202000240005903500130008303700130009608200120010924501310012126000450025227000630029730000790036050000680043952001910050770000230069870000190072120141201152913.0 aENG-111221 a9780199450664c1350.00 a0199450668c1350.00 aEN-94753 bDBAD/PUB a954.024 aAfter Timur left :cedited by Francesca Orsini [and] Samira Sheikhbculture and circulation in fifteenth-century North India / aNew DelhibOxford University Pressc2014 aYMCA Library building, 1 Jai Singh RoadbNew Delhie110001 axii, 500p.,8 unnumbered pages of plates :c23cm(Hb)bill.(b& w, and col.)  a Includes bibliographical references (pages 437-469) and index. a Papers presented at the Conference ’After Timur Came: Multiple Spaces of Cultural Production and Circulation in Fifteenth-Century North India’ held at London during 29-31 May, 2007. aOrsini, Francesca  aSheikh, Samira